Dinero y política en América Latina: una visión comparada /

Salvato in:
Dettagli Bibliografici
Autore principale: Zovatto G., Daniel
Natura: testo
Soggetti:
Tags: Aggiungi Tag
Nessun Tag, puoi essere il primo ad aggiungerne!!

MARC

LEADER 00000 a a2200000 04500
001 42916
003
040
090 |a REV0229 (130) 2004  
100 |a Zovatto G., Daniel  
245 |a Dinero y política en América Latina:   |b una visión comparada /  |c Daniel Zovatto G.  
650 |a POLITICA  
650 |a PARTIDOS POLITICOS  
650 |a FINANCIAMIENTO  
650 |a ASPECTOS JURIDICOS  
650 |a CORRUPCION  
650 |a TRIBUNALES DE CUENTAS  
650 |a ELECCIONES  
650 |a PUBLICIDAD  
650 |a MEDIOS DE COMUNICACION  
650 |a ANALISIS COMPARATIVO  
773 |g número130 ( , 2004), 85 páginas  
999 |c 29443  |d 29443